LIBRARY & INFORMATION CENTRE, KCAET, TAVANUR

ONLINE PUBLIC ACCESS CATALOGUE (OPAC)

Gas turbines and propulsive systems / (Record no. 3132)

MARC details
000 -LEADER
fixed length control field 00577cam a2200229ua 4500
041 ## - LANGUAGE CODE
Language code of text/sound track or separate title eng
082 ## - DEWEY DECIMAL CLASSIFICATION NUMBER
Classification number 621.433
Item number KHA/GA
100 ## - MAIN ENTRY--AUTHOR NAME
Personal name Khajuria, P R .
245 ## - TITLE STATEMENT
Title Gas turbines and propulsive systems /
250 ## - EDITION STATEMENT
Edition statement 4 /
260 ## - PUBLICATION, DISTRIBUTION, ETC. (IMPRINT)
Place of publication New Delhi :
Name of publisher Dhanpat Rai Publishing Co. Pvt. Ltd. ,
Year of publication 1984.
300 ## - PHYSICAL DESCRIPTION
Number of Pages ; .
700 1# - ADDED ENTRY--PERSONAL NAME
Personal name Dubey, S P .
942 ## - ADDED ENTRY ELEMENTS (KOHA)
Koha item type Books
Holdings
Withdrawn status Lost status Damaged status Home library Current library Date acquired Full call number Accession Number Koha item type
      KAUAET KAUAET 12/02/1986 621.433 14896 Books
Withdrawn     KAUAET KAUAET 12/02/1986 621.433 14894 Books
      KAUAET KAUAET 12/02/1986 621.433 14895 Books
Withdrawn   Damaged KAUAET KAUAET 19/08/1986 621.433 15336 Books
free website counter